Sumerian Cities by Map - Statistics

General Stats
  • This quiz has been taken 375 times
  • The average score is 6 of 22
Answers on the Map
Answers color-coded by a green-red scale on the quiz's map according to % correct below.
 
Answer Stats
City % Correct
Ur
99%
Uruk
83%
Lagash
53%
Eridu
46%
Kish
45%
Nippur
39%
Umma
28%
Larsa
25%
Isin
21%
Sippar
20%
Adab
17%
Eshnunna
17%
Girsu
16%
Shuruppak
13%
Bad-tibira
11%
Borsippa
10%
Der
10%
Marad
9%
Dilbat
8%
Kisurra
8%
Kutha
6%
Zabalam
6%
No matching quizzes found
Score Distribution
Percent of People with Each Score
Percentile by Number Answered
Your Score History
You have not taken this quiz